Nebojme se spolupráce s FAO /

Main Author: Špánik, Jozef
Corporate Author: Česko. Ministerstvo zemědělství. Odbor zahraničně obchodní spolupráce
Language: Czech
Published: Praha : Ministerstvo zemědělství, 2016
Subjects:
Physical Description: 107 stran : barevné ilustrace ; 21 cm
Book
Saved in:
LEADER 02341nam a2200553 i 4500
001 nkc20162812314
003 CZ PrNK
005 20160817130456.0
007 ta
008 160712s2016 xr a e f 000 0 cze
015 |a cnb002812314 
020 |a 978-80-7434-291-2  |q (Ministerstvo zemědělství ;  |q brožováno) 
035 |a (OCoLC)958228441 
040 |a BOA001  |b cze  |d OLA001  |e rda 
072 7 |a 339.7/.9  |x Světová ekonomika a mezinárodní finance  |2 Konspekt  |9 4 
080 |a 005.591-027.543  |2 MRF 
080 |a 339.96  |2 MRF 
080 |a 63  |2 MRF 
080 |a 663/664  |2 MRF 
080 |a (036)  |2 MRF 
100 1 |a Špánik, Jozef  |4 aut 
245 1 0 |a Nebojme se spolupráce s FAO /  |c text Jozef Špánik a kolektiv autorů Odboru zahraničně obchodní spolupráce MZe 
264 1 |a Praha :  |b Ministerstvo zemědělství,  |c 2016 
300 |a 107 stran :  |b barevné ilustrace ;  |c 21 cm 
336 |a text  |b txt  |2 rdacontent 
337 |a bez média  |b n  |2 rdamedia 
338 |a svazek  |b nc  |2 rdacarrier 
500 |a Název z obálky 
500 |a Vydáno ve spolupráci s Ministerstvem zahraničních věcí ČR, Odborem zahraniční rozvojové spolupráce a humanitární pomoci 
504 |a Obsahuje bibliografické odkazy 
610 2 7 |a Organizace OSN pro výživu a zemědělství  |7 kn20010710021  |2 czenas 
650 0 7 |a mezinárodní programy a projekty  |7 ph136669  |2 czenas 
650 0 7 |a rozvojová pomoc  |7 ph125279  |2 czenas 
650 0 7 |a zemědělství  |7 ph116770  |2 czenas 
650 0 7 |a potravinářství  |7 ph124430  |2 czenas 
650 0 9 |a international programs and projects  |2 eczenas 
650 0 9 |a development assistance  |2 eczenas 
650 0 9 |a agriculture  |2 eczenas 
650 0 9 |a food industry and trade  |2 eczenas 
655 7 |a informační publikace  |7 fd132454  |2 czenas 
655 9 |a information publications  |2 eczenas 
710 1 |a Česko.  |b Ministerstvo zemědělství.  |b Odbor zahraničně obchodní spolupráce  |7 mzk2016922353  |4 aut  |4 isb 
910 2 |a BOA001  |b 2-1371.348 
928 9 |a Ministerstvo zahraničních věcí České republiky, Odbor rozvojové spolupráce a humanitární pomoci 
928 9 |a Ministerstvo zemědělství České republiky 
990 |a BK 
995 |a 01 
991 |b 201608  |c NOV 
996 6 |b 2610676848  |c 2-1371.348  |l MZK  |r Sklad / do 1 hodiny  |n 2  |p p.v.  |w 001571523  |u 000010  |a 1  |e BOA001  |j MZK50  |s P